000 00573nam a2200229Ia 4500
003 OSt
005 20220924151455.0
006 a|||||r|||| 00| 0
007 ta
008 220923b |||||||| |||| 00| 0 ara d
024 _a337851
037 _cTextual
040 _aARTS
_cARTS
_bara
041 _2ara
_aara
082 _aO28,2MAIx, M5
100 _aShalash Ali Au.
_9224296
245 0 _aUndmaitahdasul-adbai
260 _c1985
650 _aARABIC DRAMA
942 _hO28,2MAIx, M5
_cTEXL
_2CC
999 _c466681
_d466681